000 00552nam a2200181Ia 4500
005 20250508155003.0
008 008 250505s9999 xx 000 0 eng d
037 _aTextual
040 _aFEDL
_beng
_cFEDL
041 _aeng
_2eng
084 _a370.942, HMS
_qFEDL
245 0 _aEducation and science in 1967 : Being a report of department of education and science
260 _aLondon, UK
_bHer Majesty's Stationery Office
300 _a160p.
650 _aEducation
942 _cTEXL
_h370.942, HMS
999 _c1353293
_d1353293